[Event "6th Brazil Open 2018"]
[Site "Teresina BRA"]
[Date "2018.08.04"]
[Round "3.1"]
[White "Leitao,R"]
[Black "Damous,Felipe Soares"]
[Result "1-0"]
[WhiteElo "2618"]
[BlackElo "2126"]

1.d4 d5 2.c4 dxc4 3.e4 e5 4.Nf3 exd4 5.Bxc4 Nc6 6.O-O Be6 7.Bb5 Bc5 8.b4 Bb6
9.a4 a6 10.Bxc6+ bxc6 11.a5 Ba7 12.Bb2 Bc4 13.Re1 Ne7 14.Na3 Bb5 15.Bxd4 Bxd4
16.Nxd4 O-O 17.Qd2 Ng6 18.Qc3 Qg5 19.Naxb5 cxb5 20.Nf5 Nf4 21.g3 Nh3+ 22.Kf1 Rae8
23.Rad1 Re6 24.Rd5 Rfe8 25.f3 c6 26.Rc5 Rd8 27.Nd4 Re5 28.Rxc6 h5 29.Rc8 Ree8
30.Rc5 Qg6 31.Nf5 Ng5 32.Qxg7+ Qxg7 33.Nxg7 Kxg7 34.Rxg5+  1-0

[Event "FSGM August 2018"]
[Site "Budapest HUN"]
[Date "2018.08.06"]
[Round "3.2"]
[White "Ilincic,Z"]
[Black "Nguyen Van Thanh"]
[Result "1/2-1/2"]
[WhiteElo "2450"]
[BlackElo "2338"]

1.d4 d5 2.c4 dxc4 3.e4 Nc6 4.Be3 Nf6 5.f3 e5 6.d5 Ne7 7.Bxc4 c6 8.Nc3 cxd5
9.exd5 Nf5 10.Bf2 Qc7 11.Bb5+ Bd7 12.Bxd7+ Qxd7 13.Nge2 Rc8 14.g4 Nd6 15.Qd3 b5
16.g5 Nh5 17.Bg3 Be7 18.Bxe5 Nc4 19.f4 O-O 20.Ne4 Bb4+ 21.Bc3 Nxb2 22.Qf3 Bxc3+
23.N4xc3 Rfe8 24.O-O b4 25.Nd1 Qb5 26.Nxb2 Rxe2 27.Rac1 Rxc1 28.Rxc1 g6 29.Rc8+ Kg7
30.Nc4 Re8  1/2-1/2

[Event "TCh-ESP Div 1 2018"]
[Site "Linares ESP"]
[Date "2018.08.07"]
[Round "2.4"]
[White "Van Wely,L"]
[Black "Quesada Perez,Ya"]
[Result "1/2-1/2"]
[WhiteElo "2650"]
[BlackElo "2534"]

1.d4 d5 2.c4 dxc4 3.e4 e5 4.Nf3 exd4 5.Bxc4 Nc6 6.O-O Be6 7.Bxe6 fxe6 8.Qb3 Qd7
9.Qxb7 Rb8 10.Qa6 Nge7 11.Nbd2 Ng6 12.Nc4 Be7 13.Ne1 Nb4 14.Qxa7 O-O 15.Bd2 Ra8
16.Nb6 Rxa7 17.Nxd7 Rd8 18.Bxb4 Bxb4 19.Nd3 Rxd7 20.Nxb4 Nf4 21.g3 c5 22.Nc6 Ne2+
23.Kg2 Rab7 24.Ne5 Rdc7 25.Rab1 c4 26.Kf3 d3 27.Ke3 Rb4 28.Nxd3 cxd3 29.Kxd3 Rcb7
30.Kxe2 Rxb2+ 31.Rxb2 Rxb2+ 32.Ke3 Rxa2 33.h4 Kf7 34.Kf4 Kf6 35.Kg4 Ra4 36.f3 Ra5
37.h5 g6 38.hxg6 Kxg6 39.Rd1 Rg5+ 40.Kh3 Rh5+ 41.Kg2 Ra5 42.Rd6 Kf7 43.f4 h5
44.Kh3 Ra1 45.Kh4 Re1 46.e5 Rg1 47.f5 exf5 48.Rf6+ Ke7 49.Rxf5 Rh1+ 50.Kg5 Ke6
51.Kg6 h4 52.g4 Rg1 53.Kg5 h3 54.Rf2 Rg2 55.Rf8 h2 56.Re8+ Kd5 57.Rh8 Kxe5
58.Rh3 Ke4 59.Kf6 Rxg4  1/2-1/2

[Event "25th Abu Dhabi Masters"]
[Site "Abu Dhabi UAE"]
[Date "2018.08.09"]
[Round "3.45"]
[White "Pranav,Anand"]
[Black "Jonkman,H"]
[Result "1/2-1/2"]
[WhiteElo "2260"]
[BlackElo "2404"]

1.d4 d5 2.c4 dxc4 3.e4 b5 4.a4 c6 5.axb5 cxb5 6.b3 e5 7.bxc4 Nf6 8.dxe5 Qxd1+
9.Kxd1 Nxe4 10.Be3 b4 11.Bd3 Bb7 12.Bxe4 Bxe4 13.Nf3 Bxf3+ 14.gxf3 a5 15.Ra4 Nd7
16.Nd2 Nxe5 17.Bb6 Nd3 18.Kc2 Bc5 19.Bxa5 Nf4 20.Rha1 Bxf2 21.Bxb4 Rxa4 22.Rxa4 Kd7
23.Ne4 Bg1 24.Ra1 Be3 25.Re1 Bb6 26.Rd1+ Kc6 27.Rd6+ Kc7 28.c5 Ba7 29.Ba5+ Kb8
30.c6 Ne6 31.Kc3 Rc8 32.Kc4 Bg1 33.Kb5 Nd4+ 34.Rxd4 Bxd4 35.Nd6 Be5 36.Nxc8 Kxc8
37.h3 Bc7 38.Bxc7 Kxc7 39.Kc5 g5 40.Kd5 h6 41.Ke5 Kxc6 42.Kf6 Kd6 43.Kxf7 Kd7
44.Kg6 Ke6 45.Kg7 Ke7 46.Kxh6 Kf6 47.Kh7 Kf7 48.Kh8 Kf8 49.Kh7 Kf7 50.Kh6 Kf6
51.Kh5 Kf5 52.h4 gxh4 53.Kxh4 Kf4 54.Kh5 Kxf3  1/2-1/2

[Event "11th Arad Open 2018"]
[Site "Arad ROU"]
[Date "2018.08.09"]
[Round "6.13"]
[White "Cioara,A"]
[Black "Vrencian,Lehel"]
[Result "0-1"]
[WhiteElo "2435"]
[BlackElo "2293"]

1.d4 d5 2.c4 dxc4 3.e4 Nf6 4.e5 Nd5 5.Bxc4 Nc6 6.Ne2 Bg4 7.f3 Bf5 8.a3 e6
9.Nbc3 Nxc3 10.bxc3 Nxe5 11.Qa4+ Nd7 12.Ng3 Bg6 13.O-O c6 14.Qd1 Be7 15.f4 Nb6
16.Bb3 O-O 17.Qf3 Bf6 18.Be3 Nd5 19.Bf2 Qb6 20.Ba2 Qc7 21.Ne2 Be7 22.c4 Nf6
23.g4 Qa5 24.Ng3 h5 25.h3 h4 26.Ne2 Qxa3 27.Bb3 Qb4 28.Be1 Qd6 29.Bxh4 c5
30.d5 Be4 31.Qe3 exd5 32.cxd5 c4 33.Bxc4 Qc5 34.Qxc5 Bxc5+ 35.Kh2 Bxd5 36.Bd3 Ne4
37.Rad1 Bc6 38.Bc4 Rfe8 39.Nd4 Ba4 40.Rd3 Rac8 41.Nf5 Bb4 42.Rd4 Nd2 43.Rxd2 Bxd2
44.Nd6 Rxc4 45.Nxc4 Re2+ 46.Kg3 Bc6  0-1

[Event "Grafica Yael GM 2018"]
[Site "Buenos Aires ARG"]
[Date "2018.08.11"]
[Round "6.5"]
[White "Sorin,A"]
[Black "Paveto,K"]
[Result "0-1"]
[WhiteElo "2399"]
[BlackElo "2416"]

1.d4 d5 2.c4 dxc4 3.e4 b5 4.a4 c6 5.b3 e5 6.Nf3 Nf6 7.bxc4 Nxe4 8.Bd3 Bb4+
9.Nbd2 Nc5 10.Qe2 Nxd3+ 11.Qxd3 bxc4 12.Qxc4 a5 13.dxe5 Ba6 14.Qd4 Qxd4 15.Nxd4 Bc3
16.Nb3 Bxa1 17.Nxa1 Nd7 18.f4 Nc5 19.Ndb3 Nd3+ 20.Kd2 Nxf4 21.Nxa5 O-O 22.g3 Rfd8+
23.Ke3 Ng6 24.Bb2 Rd3+ 25.Ke4 Rb8 26.Bd4 f5+  0-1

[Event "China Zonal 3.5 2018"]
[Site "Daqing CHN"]
[Date "2018.08.14"]
[Round "3.17"]
[White "Xi,Qi"]
[Black "Ning,Kaiyu"]
[Result "0-1"]
[WhiteElo "2181"]
[BlackElo "2244"]

1.d4 d5 2.c4 dxc4 3.e4 Nf6 4.e5 Nd5 5.Bxc4 Nc6 6.Ne2 Nb6 7.Bd3 Bg4 8.f3 Bh5
9.Nbc3 e6 10.Be3 Bg6 11.Be4 Qd7 12.Bf2 Be7 13.O-O O-O 14.Rc1 Rad8 15.Qb3 Nb4
16.Bxg6 hxg6 17.Ne4 N4d5 18.Nc5 Qc8 19.Rc2 c6 20.f4 Nc7 21.a4 Bxc5 22.dxc5 Nbd5
23.Bh4 f6 24.exf6 gxf6 25.Ng3 Rf7 26.Ne4 Ne8 27.Rd2 Rfd7 28.Rfd1 Kf7 29.Bg3 Ne7
30.Qc3 Rxd2 31.Rxd2 Rd5 32.Rxd5 exd5 33.Nd2 Qg4 34.Nf3 Qf5 35.h3 Qe4 36.Qb3 Ng7
37.Qxb7 Nh5 38.Kh2 Qxa4 39.Qc7 Nxg3 40.Kxg3 a6 41.Nh4 Qb3+ 42.Kh2 Qc2 43.b4 Qe4
44.Qb8 d4 45.Nf3 d3 46.Qd6 Qxb4 47.Qxd3 Qxf4+ 48.g3 Qb4 49.Qxa6 Qb2+ 50.Kg1 Qc1+
51.Kg2 Qc2+ 52.Kf1 Qxc5 53.Qa2+ Nd5 54.h4 Qe3 55.Qf2 Qc1+ 56.Qe1 Qc4+ 57.Kf2 Qc5+
58.Kf1 Ne3+ 59.Ke2 Ng4 60.Kf1 Qd5 61.Nd2 Qd3+ 62.Kg2 Ne3+ 63.Kf2 Ng4+ 64.Kg2 c5
65.Nb1 Ne3+ 66.Kg1 Qe4 67.Kf2 Ng4+ 68.Kf1 Qf3+ 69.Kg1 Ne3 70.Qd2 Qf1+  0-1

[Event "11th Calgary Int 2018"]
[Site "Calgary CAN"]
[Date "2018.08.15"]
[Round "3.1"]
[White "Mikhalevski,V"]
[Black "Zierk,S"]
[Result "1/2-1/2"]
[WhiteElo "2560"]
[BlackElo "2491"]

1.d4 d5 2.c4 dxc4 3.e4 Nf6 4.e5 Nd5 5.Bxc4 Nc6 6.Ne2 Nb6 7.Bb3 Bf5 8.Nbc3 e6
9.O-O Qd7 10.Be3 Nb4 11.Ng3 Bd3 12.Re1 Bc4 13.Nge4 Bxb3 14.Qxb3 N4d5 15.Nc5 Qc6
16.N3e4 Bxc5 17.Nxc5 Nd7 18.Nxb7 Rb8 19.Na5 Rxb3 20.Nxc6 Rxb2 21.Reb1 Rxb1+
22.Rxb1 N7b6 23.Bd2 Kd7 24.Rc1 Na4 25.Rc4 Ndb6 26.Rc2 Nd5 27.Rc4 Ndb6 28.Rc2 Nd5
29.Kf1 Nac3 30.Na5 Na4 31.Rc4 Nab6 32.Rc2 Rb8 33.Nc6 Rb7 34.Na5 Rb8 35.Nb3 Nc8
36.Ke2 Nce7 37.Rc4 Rb5 38.Nc5+ Kd8 39.Nb3 Nb6 40.Rc1 Ned5 41.Ba5 Kc8 42.Bd2 Nd7  1/2-1/2

[Event "Korchnoi Memorial Open"]
[Site "St Petersburg RUS"]
[Date "2018.08.15"]
[Round "1.71"]
[White "Shkalov,O"]
[Black "Podgornova,Anna"]
[Result "0-1"]
[WhiteElo "2266"]
[BlackElo "1817"]

1.d4 d5 2.c4 dxc4 3.e4 Nf6 4.e5 Nd5 5.Bxc4 Nb6 6.Bb3 Nc6 7.Be3 Bf5 8.Nc3 e6
9.Nf3 Be7 10.O-O O-O 11.Rc1 Na5 12.Bc2 Bxc2 13.Qxc2 Nac4 14.Bf4 Rc8 15.Bg3 Qd7
16.Ne4 h6 17.b3 Na3 18.Qb2 Nd5 19.Nc5 Bxc5 20.dxc5 Nb5 21.a4 Nbc3 22.Rxc3 Nxc3
23.Qxc3 Qd5 24.Bf4 Rcd8 25.Be3 Qd3 26.Qb4 Qd5 27.h3 Rd7 28.Rc1 Rfd8 29.c6 bxc6
30.Bxa7 Ra8 31.Qb7 Rdd8 32.Rxc6 Rxa7 33.Qxa7 Qxc6 34.Qe3 Qc2 35.Kh2 c5 36.h4 Rd3
37.Qe4 Qxb3 38.Qa8+ Kh7 39.Qa7 Kg8 40.Qa8+ Kh7 41.Qa7 Qb4 42.Qxf7 Qxa4 43.Qxe6 Qf4+
44.Kh3 Rd1 45.Nh2 Rh1 46.g3 Qxf2 47.Kg4 Rxh2 48.Kh5 Qe2+ 49.g4 Rxh4+ 50.Kxh4 Qh2+  0-1

[Event "China Zonal 3.5 2018"]
[Site "Daqing CHN"]
[Date "2018.08.17"]
[Round "8.13"]
[White "Xi,Qi"]
[Black "Nie,Xinyang"]
[Result "1-0"]
[WhiteElo "2181"]
[BlackElo "2280"]

1.d4 d5 2.c4 dxc4 3.e4 e5 4.Nf3 exd4 5.Bxc4 Nc6 6.O-O Bc5 7.Ng5 Nh6 8.Nxf7 Nxf7
9.Bxf7+ Kxf7 10.Qh5+ g6 11.Qxc5 Re8 12.Bg5 Qd6 13.Qxd6 cxd6 14.Nd2 Be6 15.Bf4 Ne5
16.Nf3 Nxf3+ 17.gxf3 d5 18.Rfd1 dxe4 19.fxe4 Rad8 20.f3 Rd7 21.Rd2 a5 22.Rc1 a4
23.a3 Bb3 24.Kf2 b5 25.Rc5 Bc4 26.h4 h5 27.Be5 d3 28.Ke3 Rde7 29.Bc3 Kg8
30.Rg2 Kh7 31.Rgg5 Rd7 32.Kd2 Rde7 33.Be5 Rf7 34.f4 Rfe7 35.f5 Bf7 36.Kxd3 gxf5
37.Rxf5 Bg6 38.Rg5 Rf7 39.Rxb5 Rf3+ 40.Kd4 Rd8+ 41.Rd5 Rd3+ 42.Kc4 Bxe4 43.Rxh5+ Kg6
44.Rg5+ Kh7 45.Rxd8 Rxd8 46.b4 axb3 47.Kxb3 Bc6 48.a4 Ra8 49.Rg4 Kh6 50.Bf6 Ra6
51.Bg5+ Kh5 52.Rd4 Be8 53.Bd8 Kg6 54.a5 Re6 55.Kb4 Re1 56.a6 Ra1 57.Rd6+ Kh7
58.Kc5 Bh5 59.Kb6 Bf3 60.Kc7 Be2 61.Kb7 Bf3+ 62.Kb8 Rb1+ 63.Rb6 Rd1 64.Bg5 Re1
65.a7 Re8+ 66.Kc7 Ra8 67.Rb7 Kg6 68.Kb6 Re8 69.Rb8 Re6+ 70.Kb5 Re5+ 71.Kb4 Re4+
72.Kb3 Re1 73.a8=Q Bxa8 74.Rxa8  1-0

[Event "Korchnoi Memorial Open"]
[Site "St Petersburg RUS"]
[Date "2018.08.17"]
[Round "3.72"]
[White "Razumovskiy,Mikhail"]
[Black "Volkov,Igor"]
[Result "1-0"]
[WhiteElo "1910"]
[BlackElo "2140"]

1.d4 d5 2.c4 dxc4 3.e4 e5 4.Nf3 exd4 5.Bxc4 Nc6 6.O-O Be6 7.Bb5 Bc5 8.b4 Bb6
9.a4 a5 10.bxa5 Rxa5 11.Nbd2 Ne7 12.Nb3 Bxb3 13.Qxb3 O-O 14.Ba3 Ra8 15.Rfc1 Na5
16.Qb2 Rc8 17.Rab1 c5 18.Ne5 Qd6 19.Bd7 Qxe5 20.Qxb6 Rc7 21.Rxc5 Rxc5 22.Qxc5 Qxc5
23.Bxc5 Rd8 24.Bb5 Nc8 25.Bd3 g6 26.Rb4 b6 27.Rxd4 Re8 28.Ba3 Nc6 29.Rd5 f5
30.Bc4 Kg7 31.Bb2+ Kf8 32.e5 N8e7 33.Rd6 Rc8 34.Rf6+ Ke8 35.Bb5 Kd8 36.f4 Kc7
37.Rf7 Kb8 38.Ba3 Nd5 39.Bd6+ Ka8 40.Ba6 Nd8 41.Bxc8 Nxf7 42.Be6 Nxd6 43.Bxd5+  1-0

[Event "7th Ideon Andron Op 2018"]
[Site "Anogia GRE"]
[Date "2018.08.19"]
[Round "4.6"]
[White "Lekic,Du"]
[Black "Sucher,J"]
[Result "1-0"]
[WhiteElo "2361"]
[BlackElo "2141"]

1.d4 d5 2.c4 dxc4 3.e4 e5 4.Nf3 exd4 5.Bxc4 Nc6 6.O-O Be6 7.Bb5 Bc5 8.b4 Bb6
9.a4 a5 10.bxa5 Rxa5 11.Na3 Ne7 12.Ng5 Qc8 13.Nxe6 Qxe6 14.Nc4 Rxb5 15.axb5 Qxc4
16.bxc6 Nxc6 17.Qg4 d3 18.Ra8+ Nd8 19.Qxg7 Bd4 20.Bg5 Kd7 21.Bf6 Bxf6 22.Qxf6 Re8
23.Rd1 Nc6 24.Qf5+ Ke7 25.Rxe8+ Kxe8 26.Qc8+ Ke7 27.Qxc7+ Ke6 28.Qc8+ Kd6
29.Qxb7 Qc2 30.Qb1 Nd4 31.Qb4+ Ke5 32.Qd2 Qxd2 33.Rxd2 Kxe4 34.Ra2 Nc2 35.Kf1 Kd4
36.Ra7 Kc3 37.Rc7+ Kd2 38.Rxf7 h5 39.Rh7 Nd4 40.Rxh5 Nc2 41.Rd5 Nb4 42.Rd4 Na2
43.h4 Nc1 44.Rd8 Kd1 45.h5 d2 46.h6 Kc2 47.Rxd2+  1-0

[Event "26th Poznan Open 2018"]
[Site "Poznan POL"]
[Date "2018.08.19"]
[Round "2.49"]
[White "Stanislawski,Karol"]
[Black "Aleshko,Igor L"]
[Result "0-1"]
[WhiteElo "1104"]
[BlackElo "1222"]

1.d4 d5 2.c4 dxc4 3.e4 e5 4.Bxc4 Qxd4 5.Qxd4 exd4 6.Ne2 c5 7.f4 Nc6 8.O-O Be6
9.Bd5 Bxd5 10.exd5 Nb4 11.Na3 Nxd5 12.Nb5 a6 13.Na3 b5 14.Re1 Kd7 15.Ng3 Ngf6
16.Ne4 Nxe4 17.Rxe4 Bd6 18.f5 Rhe8 19.Rxe8 Rxe8 20.Bd2 Re2 21.Rd1 Bf4 22.Nb1 Bxd2
23.Nxd2 Ne3 24.Rc1 Rxd2 25.Kh1 Rxg2 26.Rb1 Nxf5  0-1

[Event "China Zonal 3.5 2018"]
[Site "Daqing CHN"]
[Date "2018.08.20"]
[Round "11.11"]
[White "Xi,Qi"]
[Black "Pang,Tao"]
[Result "1/2-1/2"]
[WhiteElo "2181"]
[BlackElo "2328"]

1.d4 d5 2.c4 dxc4 3.e4 e5 4.Nf3 exd4 5.Bxc4 Bb4+ 6.Nbd2 Nc6 7.O-O Be6 8.Bb5 Ne7
9.Nb3 a6 10.Bxc6+ Nxc6 11.a3 Bxb3 12.Qxb3 Bc5 13.Bg5 Qc8 14.Nh4 Qg4 15.Qd5 h6
16.Nf3 hxg5 17.Qxc5 O-O-O 18.Rfe1 f6 19.Rad1 Qf4 20.h3 g4 21.Nxd4 Rxd4 22.Rxd4 gxh3
23.Rdd1 Ne5 24.Qa7 Nf3+ 25.gxf3 h2+ 26.Kg2 h1=Q+ 27.Rxh1 Qg5+ 28.Kf1 Rxh1+
29.Ke2 Qb5+ 30.Rd3  1/2-1/2

[Event "26th Poznan Open 2018"]
[Site "Poznan POL"]
[Date "2018.08.22"]
[Round "5.48"]
[White "Stanislawski,Karol"]
[Black "Dopierala,Adam"]
[Result "1-0"]
[WhiteElo "1104"]
[BlackElo "1305"]

1.d4 d5 2.c4 dxc4 3.e4 e5 4.d5 Nf6 5.Nc3 Bb4 6.Qa4+ c6 7.Qxb4 cxd5 8.exd5 Nxd5
9.Qb5+ Nc6 10.Qxd5 Be6 11.Qxd8+ Rxd8 12.Be2 Nd4 13.Bd1 O-O 14.Nf3 f6 15.O-O Rf7
16.Be3 Rfd7 17.Ne4 b6 18.Ba4 Rc7 19.Nxd4 exd4 20.Rad1 d3 21.Nc3 Bg4 22.f3 Be6
23.Bf4 Rf7 24.b3 a6 25.bxc4 Bxc4 26.Bb3 b5 27.Rfe1 Rc8 28.Nd5 Rd7 29.Nb6 Bxb3
30.Nxc8 Bxd1 31.Rxd1 g5 32.Nb6 Rb7 33.Be3 Kg7 34.Rxd3 Kg6 35.Nd5 f5 36.Ra3 f4
37.Rxa6+ Kf7 38.Rf6+ Kg7 39.Bc5 Rb8 40.g3 fxg3 41.hxg3 Rd8 42.Rf5 h6 43.Kf2 Rc8
44.Nb4 Kg6 45.Re5 Rc7 46.g4 Kf7 47.Kg3 Kg6 48.f4 gxf4+ 49.Kxf4 Rf7+ 50.Rf5 Rc7
51.Nd5 Rb7 52.Rf6+ Kh7 53.Rf8 Kg7 54.Re8 Kg6 55.Re6+ Kg7 56.Kf5 Rf7+ 57.Nf6 h5
58.gxh5 b4 59.Kg5 b3 60.h6+ Kh8 61.Re8+ Rf8 62.Rxf8+  1-0

[Event "Korchnoi Memorial Open"]
[Site "St Petersburg RUS"]
[Date "2018.08.23"]
[Round "9.79"]
[White "Shkalov,O"]
[Black "Arkhipov,Vladislav"]
[Result "1-0"]
[WhiteElo "2266"]
[BlackElo "2012"]

1.d4 d5 2.c4 dxc4 3.e4 e5 4.Nf3 Nf6 5.Bxc4 Nxe4 6.O-O Nd6 7.Bb3 e4 8.Ne5 Be7
9.f3 e3 10.Bxe3 O-O 11.Nc3 Nf5 12.Bf2 Nc6 13.Nd5 Bd6 14.Re1 Be6 15.a3 Re8
16.g4 Nh4 17.f4 Bxe5 18.dxe5 Na5 19.Nf6+ gxf6 20.Bxe6 Qxd1 21.Rexd1 Nf3+
22.Kg2 Rxe6 23.Kxf3 fxe5 24.f5 Rd6 25.Rxd6 cxd6 26.Rd1 Nc4 27.b3 Nxa3 28.Rxd6 a5
29.Rb6 a4 30.Rxb7 Nc2 31.bxa4 Rxa4 32.Bh4 Rf4+ 33.Kg3 Kg7 34.f6+ Kg6 35.Rb8 Rxf6
36.Rg8+  1-0

[Event "2nd Innsbruck Open 2018"]
[Site "Innsbruck AUT"]
[Date "2018.08.29"]
[Round "6.28"]
[White "Pfatteicher,Lukas"]
[Black "Kondrak,C"]
[Result "0-1"]
[WhiteElo "2202"]
[BlackElo "2107"]

1.d4 d5 2.c4 dxc4 3.e4 e6 4.Bxc4 g6 5.Nf3 Bg7 6.Nc3 a6 7.Bg5 Ne7 8.Qd2 h6
9.Be3 b5 10.Bb3 Bb7 11.a3 c5 12.dxc5 Qxd2+ 13.Nxd2 Nd7 14.Bc2 Rc8 15.Nb3 Nc6
16.O-O-O Nde5 17.f4 Nc4 18.Bd2 Nd4 19.Nxd4 Bxd4 20.b4 Nxa3 21.Bd3 O-O 22.Kb2 Nc4+
23.Bxc4 bxc4 24.Rhe1 a5 25.bxa5 Rxc5 26.Be3 Bxe3 27.Rxe3 Rxa5 28.Rd7 Bc6
29.Rc7 Rb8+ 30.Kc2 Ba4+ 31.Kc1 Bb3 32.Rd7 Ra1+ 33.Kd2 Ba4 34.Nxa4 Rxa4 35.Ke2 Kg7
36.Kf3 Rc8 37.Rc3 Rb4 38.Ke3 Rb2 39.Rd2 Rb4 40.e5 Rb3 41.Rc2 Rcb8 42.Kd4 Rxc3
43.Kxc3 g5 44.fxg5 hxg5 45.Re2 Rc8 46.Re4 Kg6 47.g4 Rc5 48.Kd4 Ra5 49.Kxc4 Ra2
50.Kd3 Rxh2 51.Ke3 Rh3+ 52.Kf2 Rd3 53.Ke2 Rd7 54.Kf3 Kg7 55.Ra4 Rd5 56.Re4 Rc5
57.Kg3 Kf8 58.Re1 Rc3+ 59.Kf2 Ke7 60.Rh1 Rc4 61.Ra1 Rxg4 62.Ra7+ Kf8 63.Kf3 Rf4+
64.Ke3 Kg7 65.Ra8 Rf5 66.Ke4 g4 67.Rb8 Kg6 68.Rh8 Kg5  0-1

[Event "Gelfand-Laznicka Classic"]
[Site "Novy Bor CZE"]
[Date "2018.08.31"]
[Round "4"]
[White "Gelfand,B"]
[Black "Laznicka,V"]
[Result "1/2-1/2"]
[WhiteElo "2703"]
[BlackElo "2662"]

1.d4 d5 2.c4 dxc4 3.e4 Nf6 4.e5 Nd5 5.Bxc4 Bf5 6.Qb3 c6 7.Ne2 Qb6 8.Qf3 Bxb1
9.Bxd5 cxd5 10.Rxb1 e6 11.O-O Nc6 12.Be3 Be7 13.Nf4 g6 14.Rfc1 a5 15.g3 Qb5
16.h4 h6 17.Qd1 g5 18.hxg5 hxg5 19.a4 Qb6 20.Nh5 Kd7 21.Kg2 Qd8 22.g4 Ra6
23.Rc3 Rb6 24.Rb3 Rxb3 25.Qxb3 Nb4 26.Rc1 Qb6 27.Qd1 Rf8 28.Qf3 Qd8 29.Qe2 Nc6
30.Qb5 Qc7 31.Qd3 Rh8 32.Bd2 Qb6 33.Bc3 Qb3 34.Qf3 Rh7 35.Qd3 Rh8 36.Qf3 Rh7
37.Qd3 Rh8 38.Qf3  1/2-1/2

[Event "TCh-POL 2nd League 2018"]
[Site "Jastrzebia Gora POL"]
[Date "2018.09.02"]
[Round "2.6"]
[White "Kaminski,Pi"]
[Black "Tomczak,Raf"]
[Result "1-0"]
[WhiteElo "2097"]
[BlackElo "2361"]

1.d4 d5 2.c4 dxc4 3.e4 e6 4.Bxc4 Nf6 5.e5 Bb4+ 6.Nc3 Nd5 7.Ne2 Nb6 8.Bb3 Bd7
9.O-O Bc6 10.Ng3 h5 11.a3 Bf8 12.Nge4 Be7 13.f4 Bxe4 14.Nxe4 Nc6 15.Be3 Nd5
16.Bxd5 Qxd5 17.Nc3 Qd7 18.Qa4 O-O 19.Rad1 Nb8 20.Qc2 c6 21.f5 exf5 22.Rxf5 g6
23.Rf3 Qe6 24.Bh6 Nd7 25.Bxf8 Rxf8 26.Ne2 Bg5 27.Qb3 Nb6 28.Qxe6 fxe6 29.Rxf8+ Kxf8
30.Rf1+ Ke7 31.Nf4 Bxf4 32.Rxf4 Nd5 33.Rf3 b5 34.Kf2 a5 35.Rg3 Kf7 36.Rf3+ Kg7
37.g3 g5 38.Ke2 a4 39.Kd3 Kg8 40.Rf2 Kg7 41.Ke4 g4 42.Rf1 Kg8 43.Rc1 Ne7
44.Kf4  1-0

[Event "TCh-POL 2nd League 2018"]
[Site "Jastrzebia Gora POL"]
[Date "2018.09.05"]
[Round "5.1"]
[White "Praczukowski,Stanislaw"]
[Black "Kowalski,Maciej"]
[Result "1-0"]
[WhiteElo "2131"]
[BlackElo "2071"]

1.d4 d5 2.c4 dxc4 3.e4 e5 4.Nf3 exd4 5.Bxc4 Bb4+ 6.Nbd2 Nc6 7.O-O Qf6 8.e5 Qg6
9.Nb3 Bg4 10.h3 Bxf3 11.Qxf3 Nge7 12.a3 Ba5 13.Bd3 Qe6 14.Nc5 Qd5 15.Qxd5 Nxd5
16.Nxb7 Bb6 17.Bb5 Ne7 18.Bg5 Kf8 19.Rac1 Nxe5 20.f4 N5g6 21.f5 Ne5 22.f6 Nd5
23.fxg7+ Kxg7 24.Rf5 f6 25.Bxf6+ Nxf6 26.Rxe5 Rhf8 27.Nc5 Kh8 28.Nd3 Rad8
29.Rf1 Nd7 30.Re7 Rxf1+ 31.Kxf1 Rf8+ 32.Ke2 Nf6 33.Bc6 Nh5 34.Bf3 Ng3+ 35.Kd2 Nf5
36.Rd7 Nd6 37.b3 Rf7 38.Ne5 Rf8 39.Kd3 Re8 40.Ng4 Rf8 41.Be4 Nxe4 42.Kxe4 h5
43.Ne5 Rf2 44.g4 hxg4 45.hxg4 c5 46.g5 Ba5 47.Ng4 Re2+ 48.Kf5 d3 49.Nf6  1-0

[Event "FSGM September 2018"]
[Site "Budapest HUN"]
[Date "2018.09.07"]
[Round "6.5"]
[White "Tran Tuan Minh"]
[Black "Nguyen Van Thanh"]
[Result "1-0"]
[WhiteElo "2491"]
[BlackElo "2366"]

1.d4 d5 2.c4 dxc4 3.e4 Nc6 4.Nf3 Bg4 5.d5 Ne5 6.Bf4 Ng6 7.Bg3 Nf6 8.Nc3 e6
9.Qa4+ Qd7 10.Nb5 Rc8 11.dxe6 Bxe6 12.Rd1 Qc6 13.Nfd4 Qxe4+ 14.Be2 c6 15.O-O Nh4
16.Bxh4 Qxh4 17.Nxa7 Ra8 18.Ndxc6 Bc5 19.Nb8+ Nd7 20.Nxd7 Bxa7 21.Nb6+ Ke7
22.Nxa8 Rxa8 23.Qb4+  1-0

[Event "24th Heraklion Open 2017"]
[Site "Irakleio GRE"]
[Date "2018.09.07"]
[Round "6.2"]
[White "Vitsaxakis,Nikolaos"]
[Black "Karpatchev,A"]
[Result "0-1"]
[WhiteElo "1944"]
[BlackElo "2433"]

1.d4 d5 2.c4 dxc4 3.e4 Nc6 4.d5 Ne5 5.Bf4 Ng6 6.Be3 e6 7.Bxc4 exd5 8.Bxd5 Bb4+
9.Nc3 Bxc3+ 10.bxc3 Nf6 11.f3 Nxd5 12.Qxd5 Qxd5 13.exd5 b6 14.c4 Ba6 15.c5 O-O-O
16.d6 Rhe8 17.Kf2 Ne5 18.dxc7 Rd5 19.cxb6 Nd3+ 20.Kg3 axb6 21.Bxb6 Re6 22.h4 Rxb6
23.Nh3 Kxc7 24.Ng5 h6 25.Nh3 Rg6+ 26.Kh2 Rc5 27.Rhg1 Rc2 28.h5 Rf6 29.Raf1 Rf5
30.Kg3 Rxh5 31.a4 Ra5 32.Ra1 g5 33.Ra3 f5 34.Rd1 Re5 35.Ng1 Nf4  0-1

[Event "PRO League All Stars St1"]
[Site "chess.com INT"]
[Date "2018.09.08"]
[Round "3"]
[White "Gupta,Ab"]
[Black "Xiong,Jeffery"]
[Result "1-0"]
[WhiteElo "2588"]
[BlackElo "2651"]

1.d4 d5 2.c4 dxc4 3.e4 Nf6 4.e5 Nd5 5.Bxc4 Nb6 6.Bb3 Nc6 7.Ne2 Bf5 8.Nbc3 e6
9.Be3 Be7 10.O-O O-O 11.Ng3 Bg6 12.f4 Na5 13.f5 exf5 14.Nxf5 Nxb3 15.Qxb3 Bg5
16.Bxg5 Qxg5 17.Ne4 Qd8 18.Rad1 Kh8 19.d5 Qe8 20.Qc3 Rd8 21.Nxg7 Kxg7 22.e6+ f6
23.Nxf6 Rxf6 24.Qxf6+ Kg8 25.e7 Rc8 26.Rd4 Qf7 27.Qe5 Qg7 28.Qe6+ Kh8 29.Rdf4 Rg8
30.Rf8 Bf7 31.Rxg8+  1-0

[Event "27th TCh-CRO Div 1a 2018"]
[Site "Biograd na Moru CRO"]
[Date "2018.09.09"]
[Round "2.12"]
[White "Korobov,A"]
[Black "Predke,A"]
[Result "1-0"]
[WhiteElo "2685"]
[BlackElo "2612"]

1.d4 d5 2.c4 dxc4 3.e4 Nf6 4.e5 Nd5 5.Bxc4 Nb6 6.Bd3 Nc6 7.Ne2 Bg4 8.f3 Be6
9.Nbc3 Qd7 10.a4 Bc4 11.Bxc4 Nxc4 12.b3 Nb6 13.e6 fxe6 14.Ne4 e5 15.a5 Nd5
16.dxe5 e6 17.O-O Nxe5 18.Bb2 Bd6 19.Qd2 O-O 20.Nxd6 cxd6 21.Ng3 Qb5 22.Ne4 Nf7
23.Rab1 e5 24.Rfd1 Nf4 25.Nxd6 Nxd6 26.Qxd6 e4 27.Qe7 Rf7 28.Rd8+ Rxd8 29.Qxd8+ Rf8
30.Qe7 Rf7 31.Qxe4 Qc5+ 32.Kf1 Qxa5 33.Rd1 Qb5+ 34.Kg1 Ng6 35.Rd8+ Nf8 36.Qe3 Rd7
37.Qe6+  1-0

[Event "24th Heraklion Open 2017"]
[Site "Irakleio GRE"]
[Date "2018.09.09"]
[Round "8.1"]
[White "Lekic,Du"]
[Black "Karpatchev,A"]
[Result "1/2-1/2"]
[WhiteElo "2363"]
[BlackElo "2433"]

1.d4 d5 2.c4 dxc4 3.e4 Nc6 4.Nf3 Bg4 5.d5 Ne5 6.Bf4 Ng6 7.Be3 Nf6 8.Bxc4 Nxe4
9.O-O e5 10.dxe6 Bxe6 11.Bxe6 Qxd1 12.Bxf7+ Kxf7 13.Rxd1 Bd6 14.Rd4 Nf6 15.Nc3 Ne5
16.Ng5+ Kg6 17.Nge4 Nc6 18.Rc4 Be5 19.Nxf6 gxf6 20.f4 Bxc3 21.Rxc3 Rad8 22.g4 h5
23.g5 fxg5 24.fxg5 Rhf8 25.Rf1 Rxf1+ 26.Kxf1 Rd1+ 27.Kf2 Rb1 28.Rb3 b6 29.Bd2 Ne5
30.Bf4 Rxb2+ 31.Rxb2 Nd3+ 32.Ke3 Nxb2 33.h4 c5 34.Ke4 Nd1 35.Kd3 Kf5 36.Kc2 Nf2
37.Bb8 a6 38.Ba7 Ng4 39.Bxb6 Ne3+ 40.Kb3 Ng2 41.Bxc5 Nxh4 42.Ka4 Nf3 43.Bf2 Nxg5
44.Ka5 Ne4 45.Bg1 Nc3 46.a3 h4 47.Kxa6 h3 48.Kb7 Ke4 49.Bh2 Kf3 50.Kb8 Kg2
51.Be5 Ne4 52.a4 Nc5 53.a5 Nd7+ 54.Kc7 Nxe5 55.a6 h2 56.a7 h1=Q 57.a8=Q+ Nf3
58.Qa2+ Kg3 59.Qg8+  1/2-1/2

[Event "27th TCh-CRO Div 1a 2018"]
[Site "Biograd na Moru CRO"]
[Date "2018.09.11"]
[Round "4.31"]
[White "Bosiocic,Mari"]
[Black "Inarkiev,E"]
[Result "1/2-1/2"]
[WhiteElo "2600"]
[BlackElo "2679"]

1.d4 d5 2.c4 dxc4 3.e4 Nf6 4.e5 Nd5 5.Bxc4 Bf5 6.Qb3 c6 7.Bxd5 cxd5 8.Qxb7 Qc8
9.Qxc8+ Bxc8 10.Nc3 e6 11.f4 Nc6 12.Nf3 Ba6 13.Kf2 Rb8 14.b3 Kd7 15.Bd2 h6
16.Na4 Bb5 17.Nc3 Ba6 18.Na4 Bb5 19.Nc3  1/2-1/2

[Event "27th TCh-CRO Div 1a 2018"]
[Site "Biograd na Moru CRO"]
[Date "2018.09.13"]
[Round "6.32"]
[White "Korobov,A"]
[Black "Leventic,I"]
[Result "1-0"]
[WhiteElo "2685"]
[BlackElo "2411"]

1.d4 d5 2.c4 dxc4 3.e4 c5 4.d5 Nf6 5.Nc3 b5 6.Bf4 Ba6 7.e5 b4 8.exf6 bxc3
9.bxc3 exf6 10.d6 Qd7 11.Be2 Bb7 12.Bg4 f5 13.Bf3 Qe6+ 14.Ne2 Bxf3 15.gxf3 g5
16.Bxg5 Bxd6 17.O-O O-O 18.Nf4 Bxf4 19.Bxf4 Nd7 20.Re1 Qg6+ 21.Kh1 Qc6 22.Re7 Rad8
23.Qe2 Kh8 24.Rd1 Nf6 25.Rxd8 Rxd8 26.Rxf7 Kg8 27.Rxa7 Rd3 28.Kg1 Nd5 29.Bg3 Nf6
30.Qe5 Rd5 31.Qf4 Qe6 32.Qg5+ Kf8 33.Qg7+ Ke8 34.Ra8+ Rd8 35.Rxd8+ Kxd8 36.Bh4  1-0

[Event "27th TCh-CRO Div 1a 2018"]
[Site "Biograd na Moru CRO"]
[Date "2018.09.15"]
[Round "8.12"]
[White "Beliavsky,A"]
[Black "Predke,A"]
[Result "1/2-1/2"]
[WhiteElo "2540"]
[BlackElo "2612"]

1.d4 d5 2.c4 dxc4 3.e4 Nc6 4.Nf3 Bg4 5.Bxc4 Bxf3 6.Qxf3 e6 7.d5 Ne5 8.Qb3 Nxc4
9.Qxc4 exd5 10.exd5 Qe7+ 11.Be3 Qb4+ 12.Nd2 Qxc4 13.Nxc4 Bb4+ 14.Ke2 Nf6
15.Rhd1 O-O-O 16.d6 Rhe8 17.Kf1 b6 18.Rac1 Kb7 19.Bf4 Re4 20.Bg3 Nh5 21.Nd2 Nxg3+
22.hxg3 Rd4 23.dxc7 Rc8 24.Nf3 Rxd1+ 25.Rxd1 Rxc7 26.Ne5 Rc2 27.Nd3 Bd2 28.Rb1 b5
29.Ke2 Bg5+ 30.Kf1 Bd2 31.Ke2 Bg5+ 32.Kf1 Kb6 33.Ne1 Rc6 34.Rd1 Bf6 35.b3 a6
36.Ke2 Re6+ 37.Kf1 Rc6 38.Ke2 Re6+ 39.Kf1 Bc3 40.Nc2 Rc6 41.Ne3 Bb4 42.Ke2 Bc5
43.Nd5+ Kb7 44.Nf4 Bd6 45.Rd2 a5 46.Kd1 g6 47.Rd5 Rb6 48.Nd3 Kc6 49.Rd4 Rb8
50.Kd2 Re8 51.a4 Rb8 52.Kc3 bxa4  1/2-1/2